000 00519nam a2200205Ia 4500
003 OSt
005 20230923113144.0
008 210707s1982 xx 000 0 und d
040 _cAL
041 _aKannada
082 _aK894.3 TARM
100 _aTA RA SU
_dತ. ರಾ.ಸು.
_9134906
245 _aModala nota.
_bಮೊದಲ ನೋಟ
260 _aBengaluru
_bVishva Kannada Sammelana
_c1982
300 _a199 p
365 _b6
_cINR
563 _aHB
650 _aKannada Fiction
_9134907
942 _2ddc
_cBK
999 _c180164
_d180164